Test na logikę - Statystyki

Ogólne statystyki
  • Ten quiz został rozwiązany 162 razy
  • Średni wynik to 10 z 13
Statystyki odpowiedzi
Hint Odpowiedź % Poprawnych
Zaznacz 1 1
99%
Zaznacz 12 12
97%
Zaznacz 21 21
97%
Zaznacz 2 2
96%
Zaznacz 121 121
90%
Zaznacz 2 "1" 11
77%
Ale bez 1 122
76%
Zaznacz 1464 1464
76%
Odejmij 1 211
73%
Zaznacz 2 "1" * 2 22
73%
I dodaj 2 "1" do poprzedniego 123
70%
Zaznacz 21 a na końcu dołóż inną liczbę niż 1 ale mniejszą niż 3 212
70%
Ale pomnoż razy 1 "2" 244
56%
Nie znaleziono quizów pasujących do podanych kryteriów
Rozkład punktacji
Procent ludzi z każdym wynikiem
Percentyl według liczby udzielonych odpowiedzi
Twoja historia wyników
Nie rozwiązałeś tego quizu